Central Library OPAC University of Rajshahi

The civilization in ancient India / (Record no. 65303)

MARC details
000 -LEADER
fixed length control field 00756nam a22002537a 4500
001 - CONTROL NUMBER
control field 65303
003 - CONTROL NUMBER IDENTIFIER
rucl marc code BD-RjUL
005 - DATE AND TIME OF LATEST TRANSACTION
control field 20211209081416.0
008 - FIXED-LENGTH DATA ELEMENTS--GENERAL INFORMATION
fixed length control field 170304s1959 ii ||||| b||| 00| 0 eng d
035 ## - SYSTEM CONTROL NUMBER
System control number (BD-RjUL)65433
040 ## - CATALOGING SOURCE
Original cataloging agency BD-RjUL
Language of cataloging eng
Transcribing agency BD-RjUL
Modifying agency BD-RjUL
041 ## - LANGUAGE CODE
Language code of text/sound track or separate title eng
082 ## - DEWEY DECIMAL CLASSIFICATION NUMBER
Edition number 23
Classification number 930
Author mark and year RET 1959
100 ## - MAIN ENTRY--PERSONAL NAME
Personal name Renou, Louis
9 (RLIN) 193283
245 ## - TITLE STATEMENT
Title The civilization in ancient India /
Statement of responsibility, etc. Louis Renou ; translated from the french by Philip Spratt
250 ## - EDITION STATEMENT
Edition statement 2nd ed.
260 ## - PUBLICATION, DISTRIBUTION, ETC. (IMPRINT)
Place of publication, distribution, etc. Calcutta :
Name of publisher, distributor, etc. Susil Gupta,
Date of publication, distribution, etc. 1959.
300 ## - PHYSICAL DESCRIPTION
Pagination vi, 189, ii p. ;
Size 24 cm.
504 ## - BIBLIOGRAPHY, ETC. NOTE
Bibliography, etc Include Bibliography
650 ## - SUBJECT ADDED ENTRY--TOPICAL TERM
Topical term or geographic name as entry element Civilization.
Geographic subdivision India
9 (RLIN) 193284
Topical term or geographic name as entry element Civilization.
9 (RLIN) 170722
700 ## - ADDED ENTRY--PERSONAL NAME
Personal name Spratt, Philip
942 ## - ADDED ENTRY ELEMENTS (KOHA)
Source of classification or shelving scheme Dewey Decimal Classification
Koha item type Books
Holdings
Lost status Source of classification or shelving scheme Damaged status Not for loan Collection code Permanent Location Current Location Shelving location Date acquired Source of acquisition Cost, normal purchase price Total Checkouts Full call number Date last seen Copy number Koha item type
  Dewey Decimal Classification   Not For Loan Non-fiction Central Library, University of Rajshahi Central Library, University of Rajshahi Reading Room 07/08/1965 Zetlinger 14.65   930 RET 1959 04/03/2017 C-1 Books